00572nam a2200205Ia 4500003000900000008004100009020001800050040001600068080001500084100002000099245007100119260003300190300001600223650001500239650002400254650002500278650002200303650001900325700002200344IN-BaIIA211028s9999 xx 000 0 eng d a0-306-41531-3 cIIA Library a539.1bELE aShimamura, Isao 0aElectron-Molecule collisionscIsao Shimamura and Kazuo Takayanagi aNew YorkbPlenum Pressc1984 axiii, 570p. aCollisions aElectron collisions aMolecular collisions aMolecular physics aNASA Thesaurus aTakayanagi, Kazuo